000 01207nam a2200325 a 4500
001 1483184
003 CO-ViMGA
005 20230915233615.0
008 151209s2015 ck a gr 00010 spa d
020 _a9789583049040
040 _aCO-ViMGA
_bspa
_cCO-ViMGA
043 _ae-gx---
082 0 4 _a833.91
_bA76c
_221
100 1 _aArold, Marliese,
_d1958-
_91243
245 1 0 _aChicas mágicas :
_batrapada en el inframundo /
_cMarliese Arold ; ilustradora Petra Schmidt ; traductora Olga Martin Maldonado.
250 _aEditora Margarita Montenegro Villalba.
260 _aBogota :̀
_bPanamericana Editorial,
_c2015.
300 _a153 páginas :
_bilustraciones ;
_c22 cm.
490 1 _aChicas mágicas
500 _aIncluye glosario.
534 _pTítulo original :
_tMagic Girls Gefangen in der Unterwelt.
650 1 4 _aBrujeria
_v Novela juvenil.
_91252
650 1 4 _aHechiceros
_v Novela juvenil.
_91251
650 1 4 _aMagia
_v Novela juvenil.
_91250
650 1 4 _aNovela juvenil alemana.
_91249
700 1 _aMartin Maldonado, Olga,
_etraductora.
_9487
700 1 _aMontenegro Villalba, Margarita,
_eeditora.
_9131
700 1 _aSchmidt, Petra,
_eilustradora.
_91253
942 _2ddc
_cBK
999 _c37394
_d37394